Introduction to the modelling of marine ecosystems

Αποθηκεύτηκε σε:
Λεπτομέρειες βιβλιογραφικής εγγραφής
Κύριος συγγραφέας: Fennell, W. (Wolfgang)
Άλλοι συγγραφείς: Neumann, T. (Thomas)
Μορφή: Βιβλίο
Γλώσσα:English
Δημοσίευση: Amsterdam : Elsevier, 2004
Σειρά:Elsevier oceanography series ; ; 72
Θέματα:
Ετικέτες: Προσθήκη ετικέτας
Δεν υπάρχουν, Καταχωρήστε ετικέτα πρώτοι!

MARC

LEADER 00000nam a2200000 i 4500
001 1/95824
008 081020s2004 eng d
020 |a 978-0-444-51704-3 
020 |a 0-444-51704-9 
035 |l 10101047 
040 |a GR-MY-UA  |b gre  |e aacr 
041 0 |a eng 
082 0 |a 577.7015118  |2 (22) 
100 1 |a Fennell, W.  |q (Wolfgang) 
245 1 0 |a Introduction to the modelling of marine ecosystems /  |c by W. Fennel and T. Neumann 
260 |a Amsterdam :   |b Elsevier,   |c 2004 
300 |a ix, 297 σ.;  |b εικ.;  |c 27 εκ.+  |e 1 οπτική δισκέτα λέϊζερ Η/Υ (4 3/4 ίν.) 
490 1 |a Elsevier oceanography series  |v ; 72 
504 |a Βιβλιογραφία: σ. 273-284 
504 |a Ευρετήριο: σ. 285-297 
650 0 0 |a Marine ecology  |x Mathematical models. 
700 1 |a Neumann, T.  |q (Thomas) 
830 0 |a Elsevier oceanography series ;  |v ; 72 
852 |a INST  |b LESVOS  |e 20081020  |h 577.7015118 FEN  |p 005100043292  |q 005100043292  |t BK  |y 0 
852 |a INST  |b LESVOS  |e 20081216  |h 577.7015118 FEN  |p 005100043707  |q 005100043707  |t BK  |y 0 
852 |a INST  |b LESVOS  |e 20081020  |h 577.7015118 FEN   |p 005100043293  |q 005100043293  |t BK  |y 0 
852 |a INST  |b LESVOS  |e 20081216  |h 577.7015118 FEN   |p 005100043708  |q 005100043708  |t BK  |y 0 
901 |a BIBL1-2008-3 
909 |a Λ  |b 144281 
909 |a Λ  |b 137581 
909 |a Λ  |b 157558 
909 |a Λ  |b 157557 
920 |a ΕΠΕΑΕΚ ΠΜΣ ΔΙΑΧΕΙΡΙΣΗ ΠΑΡΑΚΤΙΩΝ ΠΕΡΙΟΧΩΝ  |y ΛΕΣΒΟΣ  |z 2008-12 
922 |a 1ΕΛΗ  |b 200801  |c ΕΠΕΑΕΚ2/ΤΕΘ  |d ΠΑΠΑΣΩΤΗΡΙΟΥ 
970 |a ΚΑΡΑ  |b ΓΙΑΣΕΜΗ  |z 2008/10/20